[Event "43. Zurich Weihnachtsopen 2019"]
[Site "Zurich/SUI"]
[Date "2019.12.27"]
[Round "3.5"]
[White "Kunin, Vitaly"]
[Black "Damjanovic, Vuk"]
[Result "1-0"]
[WhiteElo "2538"]
[BlackElo "2280"]
[Annotator "ChessBase"]
[PlyCount "115"]
[EventDate "2019.12.26"]
[EventType "swiss"]
[SourceTitle "playchess.com"]
[Source "ChessBase"]
[SourceQuality "1"]
[TimeControl "40/5400+30:1800+30"]

1. d4 {[%emt 0:00:00]} Nf6 {[%emt 0:00:00]} 2. Nf3 {[%emt 0:00:00]} g6 {[%emt 0:00:15]} 3. g3 {[%emt 0:00:20]} Bg7 {[%emt 0:00:16]} 4. Bg2 {[%emt 0:00:12]} O-O {[%emt 0:00:21]} 5. O-O {[%emt 0:00:15]} d6 {[%emt 0:00:35]} 6. a4 {[%emt 0:00:39]} a5 {[%emt 0:01:02]} 7. Nc3 {[%emt 0:01:02]} d5 {[%emt 0:01:08]} 8. Bf4 {[%emt 0:03:57]} Nh5 {[%emt 0:04:43]} 9. Bg5 {[%emt 0:09:43]} h6 {[%emt 0:00:32]} 10. Bd2 {[%emt 0:00:29]} Nf6 {[%emt 0:03:16]} 11. Qc1 {[%emt 0:03:57]} Kh7 {[%emt 0:00:43]} 12. Bf4 {[%emt 0:01:12]} c6 {[%emt 0:05:40]} 13. Re1 {[%emt 0:01:54]} Be6 {[%emt 0:15:02]} 14. e4 {[%emt 0:03:08]} Nxe4 {[%emt 0:01:03]} 15. Nxe4 {[%emt 0:00:10]} dxe4 {[%emt 0:00:04]} 16. Rxe4 {[%emt 0:00:12]} Bd5 {[%emt 0:00:13]} 17. Re2 {[%emt 0:02:02]} Nd7 {[%emt 0:07:13]} 18. c3 {[%emt 0:11:31]} Re8 {[%emt 0:04:30]} 19. Qe1 {[%emt 0:04:08]} e6 {[%emt 0:02:37]} 20. h4 {[%emt 0:00:49]} b5 {[%emt 0:08:36]} 21. Ne5 {[%emt 0:07:48]} Nxe5 {[%emt 0:00:56]} 22. Bxe5 {[%emt 0:00:28]} Bxg2 {[%emt 0:05:24]} 23. Kxg2 {[%emt 0:00:10]} Qd5+ {[%emt 0:00:10]} 24. Kg1 {[%emt 0:00:16]} bxa4 {[%emt 0:00:12]} 25. Bxg7 {[%emt 0:00:22]} Kxg7 {[%emt 0:00:09]} 26. Rxa4 {[%emt 0:00:43]} Qb5 {[%emt 0:00:47]} 27. Ra2 {[%emt 0:01:54]} Qc4 {[%emt 0:01:43]} 28. Ra3 {[%emt 0:00:17]} Reb8 {[%emt 0:03:16]} 29. Rd2 {[%emt 0:01:05]} Rb5 {[%emt 0:01:29]} 30. Qf1 {[%emt 0:01:13]} Qxf1+ {[%emt 0:02:16]} 31. Kxf1 {[%emt 0:00:12]} c5 {[%emt 0:02:23]} 32. dxc5 {[%emt 0:02:03]} Rxc5 {[%emt 0:00:08]} 33. b4 {[%emt 0:01:34]} Rc4 {[%emt 0:04:22]} 34. bxa5 {[%emt 0:03:33]} Ra6 {[%emt 0:00:17]} 35. Ke2 {[%emt 0:00:46]} Rc5 {[%emt 0:00:01]} 36. Rda2 {[%emt 0:00:50]} Kf6 {[%emt 0:00:12]} 37. Kd3 {[%emt 0:00:41]} Ke5 {[%emt 0:00:22]} 38. c4 {[%emt 0:00:41]} Kd6 {[%emt 0:00:09]} 39. Kc3 {[%emt 0:00:39]} Kc6 {[%emt 0:00:19]} 40. Kb4 {[%emt 0:00:49]} e5 {[%emt 0:01:13]} 41. Rd3 {[%emt 0:33:03]} e4 {[%emt 0:31:36]} 42. Rd5 {[%emt 0:00:37]} Rxd5 {[%emt 0:00:36]} 43. cxd5+ {[%emt 0:00:07]} Kxd5 {[%emt 0:00:02]} 44. Kb5 {[%emt 0:00:11]} Ra8 {[%emt 0:01:10]} 45. a6 {[%emt 0:00:46]} f5 {[%emt 0:00:29]} 46. a7 {[%emt 0:00:12]} g5 {[%emt 0:00:59]} 47. h5 {[%emt 0:02:02]} f4 {[%emt 0:00:18]} 48. gxf4 {[%emt 0:00:41]} gxf4 {[%emt 0:00:14]} 49. Kb6 {[%emt 0:00:10]} e3 {[%emt 0:03:53]} 50. fxe3 {[%emt 0:00:33]} fxe3 {[%emt 0:00:05]} 51. Kb7 {[%emt 0:00:14]} Rxa7+ {[%emt 0:00:44]} 52. Rxa7 {[%emt 0:00:31]} e2 {[%emt 0:00:25]} 53. Ra1 {[%emt 0:00:08]} Ke4 {[%emt 0:00:06]} 54. Kc6 {[%emt 0:00:10]} Kf3 {[%emt 0:00:02]} 55. Kd5 {[%emt 0:00:13]} Kf2 {[%emt 0:00:03]} 56. Ke4 {[%emt 0:00:18]} e1=Q+ {[%emt 0:00:04]} 57. Rxe1 {[%emt 0:00:08]} Kxe1 {[%emt 0:00:02]} 58. Kf5 {[%emt 0:00:11]} 1-0

[Event "43. Zurich Weihnachtsopen 2019"]
[Site "Zurich/SUI"]
[Date "2019.12.27"]
[Round "3.6"]
[White "Van Zyl-Rudd, Jack"]
[Black "Grover, Sahaj"]
[Result "0-1"]
[WhiteElo "2290"]
[BlackElo "2508"]
[Annotator "ChessBase"]
[PlyCount "104"]
[EventDate "2019.12.26"]
[EventType "swiss"]
[SourceTitle "playchess.com"]
[Source "ChessBase"]
[SourceQuality "1"]
[TimeControl "40/5400+30:1800+30"]

1. d4 {[%emt 0:05:50]} e6 {[%emt 0:00:00]} 2. c4 {[%emt 0:00:16]} Nf6 {[%emt 0:01:12]} 3. Nc3 {[%emt 0:00:23]} Bb4 {[%emt 0:00:06]} 4. Qc2 {[%emt 0:00:44]} d5 {[%emt 0:00:07]} 5. a3 {[%emt 0:00:31]} Bxc3+ {[%emt 0:00:06]} 6. Qxc3 {[%emt 0:00:04]} dxc4 {[%emt 0:00:12]} 7. Qxc4 {[%emt 0:01:39]} b6 {[%emt 0:00:09]} 8. Nf3 {[%emt 0:00:30]} Ba6 {[%emt 0:02:07]} 9. Qa4+ {[%emt 0:01:40]} Qd7 {[%emt 0:00:28]} 10. Qxd7+ {[%emt 0:00:47]} Nbxd7 {[%emt 0:00:12]} 11. e3 {[%emt 0:35:30]} Bb7 {[%emt 0:04:45]} 12. b4 {[%emt 0:06:13]} O-O {[%emt 0:00:41]} 13. Bb2 {[%emt 0:02:56]} Rfc8 {[%emt 0:01:56]} 14. Be2 {[%emt 0:04:39]} a5 {[%emt 0:03:10]} 15. b5 {[%emt 0:05:59]} c6 {[%emt 0:05:18]} 16. bxc6 {[%emt 0:06:40]} Rxc6 {[%emt 0:00:07]} 17. Bd3 {[%emt 0:01:00]} Ba6 {[%emt 0:02:50]} 18. Kd2 {[%emt 0:02:38]} Bxd3 {[%emt 0:00:27]} 19. Kxd3 {[%emt 0:02:54]} Ng4 {[%emt 0:00:19]} 20. Rhf1 {[%emt 0:07:03]} Rd8 {[%emt 0:04:23]} 21. Rac1 {[%emt 0:02:38]} Rxc1 {[%emt 0:00:41]} 22. Bxc1 {[%emt 0:00:05]} Nde5+ {[%emt 0:00:39]} 23. Nxe5 {[%emt 0:00:16]} Nxe5+ {[%emt 0:00:05]} 24. Kc3 {[%emt 0:03:35]} Rc8+ {[%emt 0:00:12]} 25. Kb3 {[%emt 0:00:07]} Nc4 {[%emt 0:02:53]} 26. e4 {[%emt 0:02:02]} Nd6 {[%emt 0:01:45]} 27. f3 {[%emt 0:00:59]} f6 {[%emt 0:22:27]} 28. Bb2 {[%emt 0:04:14]} Nc4 {[%emt 0:01:54]} 29. Rc1 {[%emt 0:00:28]} b5 {[%emt 0:00:04]} 30. Rc2 {[%emt 0:01:25]} Kf7 {[%emt 0:00:05]} 31. Bc1 {[%emt 0:00:15]} Ke7 {[%emt 0:00:19]} 32. a4 {[%emt 0:01:10]} bxa4+ {[%emt 0:05:14]} 33. Kxa4 {[%emt 0:00:01]} Nb6+ {[%emt 0:05:43]} 34. Kb3 {[%emt 0:00:05]} Rxc2 {[%emt 0:00:07]} 35. Kxc2 {[%emt 0:00:03]} Kd6 {[%emt 0:00:09]} 36. Ba3+ {[%emt 0:01:21]} Kc6 {[%emt 0:00:01]} 37. Kc3 {[%emt 0:00:54]} Kb5 {[%emt 0:00:10]} 38. Bf8 {[%emt 0:00:14]} g6 {[%emt 0:00:07]} 39. g4 {[%emt 0:00:46]} a4 {[%emt 0:02:43]} 40. h4 {[%emt 0:00:53]} Nc4 {[%emt 0:00:33]} 41. Bg7 {[%emt 0:09:25]} a3 {[%emt 0:00:38]} 42. Kb3 {[%emt 0:00:39]} Nd2+ {[%emt 0:00:06]} 43. Kxa3 {[%emt 0:00:10]} Nxf3 {[%emt 0:00:06]} 44. Bxf6 {[%emt 0:00:12]} Kc4 {[%emt 0:00:06]} 45. d5 {[%emt 0:12:57]} exd5 {[%emt 0:00:07]} 46. e5 {[%emt 0:00:38]} Nd4 {[%emt 0:00:06]} 47. h5 {[%emt 0:02:30]} Ne6 {[%emt 0:00:17]} 48. hxg6 {[%emt 0:00:42]} hxg6 {[%emt 0:00:02]} 49. Kb2 {[%emt 0:02:26]} Kd3 {[%emt 0:00:12]} 50. Kb3 {[%emt 0:00:32]} Ke3 {[%emt 0:00:50]} 51. Kc3 {[%emt 0:03:39]} d4+ {[%emt 0:01:09]} 52. Kc2 {[%emt 0:00:05]} Ke2 {[%emt 0:00:10]} 0-1

[Event "43. Zurich Weihnachtsopen 2019"]
[Site "Zurich/SUI"]
[Date "2019.12.27"]
[Round "3.7"]
[White "Curien, Nicolas"]
[Black "Henderson de La Fuente, Lance"]
[Result "0-1"]
[WhiteElo "2257"]
[BlackElo "2492"]
[Annotator "ChessBase"]
[PlyCount "62"]
[EventDate "2019.12.26"]
[EventType "swiss"]
[SourceTitle "playchess.com"]
[Source "ChessBase"]
[SourceQuality "1"]
[TimeControl "40/5400+30:1800+30"]

1. d4 {[%emt 0:00:00]} e6 {[%emt 0:00:18]} 2. e4 {[%emt 0:00:15]} d5 {[%emt 0:00:07]} 3. Nc3 {[%emt 0:00:07]} Bb4 {[%emt 0:00:22]} 4. a3 {[%emt 0:00:29]} Bxc3+ {[%emt 0:02:17]} 5. bxc3 {[%emt 0:00:07]} dxe4 {[%emt 0:01:23]} 6. Qg4 {[%emt 0:00:09]} Nf6 {[%emt 0:00:23]} 7. Qxg7 {[%emt 0:00:07]} Rg8 {[%emt 0:00:07]} 8. Qh6 {[%emt 0:00:07]} Rg6 {[%emt 0:00:38]} 9. Qe3 {[%emt 0:04:22]} Nc6 {[%emt 0:07:04]} 10. Bb2 {[%emt 0:07:50]} Ne7 {[%emt 0:00:49]} 11. c4 {[%emt 0:02:48]} Nf5 {[%emt 0:00:44]} 12. Qc3 {[%emt 0:10:26]} e3 {[%emt 0:08:10]} 13. f3 {[%emt 0:05:14]} b5 {[%emt 0:02:49]} 14. d5 {[%emt 0:05:39]} bxc4 {[%emt 0:01:28]} 15. Bxc4 {[%emt 0:05:42]} Nxd5 {[%emt 0:08:32]} 16. Qh8+ {[%emt 0:25:17]} Ke7 {[%emt 0:00:14]} 17. Qxd8+ {[%emt 0:00:58]} Kxd8 {[%emt 0:00:02]} 18. O-O-O {[%emt 0:01:07]} Nd6 {[%emt 0:05:39]} 19. Bxd5 {[%emt 0:04:43]} exd5 {[%emt 0:00:02]} 20. Ne2 {[%emt 0:01:41]} Rxg2 {[%emt 0:01:23]} 21. Nf4 {[%emt 0:00:43]} Rf2 {[%emt 0:00:22]} 22. Nxd5 {[%emt 0:03:52]} e2 {[%emt 0:01:51]} 23. Rde1 {[%emt 0:03:01]} Bb7 {[%emt 0:03:21]} 24. Bf6+ {[%emt 0:01:33]} Kd7 {[%emt 0:00:18]} 25. Bh4 {[%emt 0:00:25]} Rxf3 {[%emt 0:00:33]} 26. Nf6+ {[%emt 0:04:42]} Rxf6 {[%emt 0:00:06]} 27. Bxf6 {[%emt 0:00:07]} Bxh1 {[%emt 0:00:06]} 28. Rxh1 {[%emt 0:00:05]} Rg8 {[%emt 0:04:11]} 29. Bd4 {[%emt 0:02:41]} Rg2 {[%emt 0:01:56]} 30. Bxa7 {[%emt 0:00:55]} f5 {[%emt 0:00:58]} 31. Be3 {[%emt 0:01:50]} Nc4 {[%emt 0:00:13]} 0-1

[Event "43. Zurich Weihnachtsopen 2019"]
[Site "Zurich/SUI"]
[Date "2019.12.27"]
[Round "3.8"]
[White "Pikula, Dejan"]
[Black "Fecker, Noah"]
[Result "1/2-1/2"]
[WhiteElo "2444"]
[BlackElo "2277"]
[Annotator "TA"]
[PlyCount "34"]
[EventDate "2019.12.26"]
[EventType "swiss"]
[SourceTitle "playchess.com"]
[Source "ChessBase"]
[SourceQuality "1"]

{[%evp 25,34,-25,-10,-14,-16,-19,-15,-41,-31,-50,-31]} 1. e4 c5 2. Nf3 e6 3. d3 Nc6 4. g3 d5 5. Qe2 Nge7 6. Bg2 g6 7. O-O Bg7 8. e5 O-O 9. Nbd2 Qc7 10. Re1 g5 11. Nxg5 Qxe5 12. Qxe5 Bxe5 13. c3 b6 14. f4 {A08: King's Indian Attack} Bf6 $146 ({Predecessor:} 14... Bg7 15. Ndf3 Ba6 16. Bf1 h6 17. Nh3 d4 18. c4 Nb4 19. Rd1 Nc2 20. Rb1 Nf5 21. Bd2 Bb7 {0-1 (45) Laczo,G (2230)-Szelenyi,N (2332) Hungary 2003}) 15. Ndf3 Ba6 16. Rd1 Rad8 17. a3 h6 1/2-1/2

[Event "43. Zurich Weihnachtsopen 2019"]
[Site "Zurich/SUI"]
[Date "2019.12.28"]
[Round "4.1"]
[White "Lagarde, Maxime"]
[Black "Wagner, Dennis"]
[Result "1-0"]
[WhiteElo "2655"]
[BlackElo "2578"]
[Annotator "TA"]
[PlyCount "39"]
[EventDate "2019.12.26"]
[EventType "swiss"]
[SourceTitle "playchess.com"]
[Source "ChessBase"]
[SourceQuality "1"]

{[%evp 9,39,12,28,8,15,12,60,39,38,37,60,47,50,53,73,67,146,127,183,171,362,364,618,619,887,854,898,892,862,850,872,625]} 1. c4 e5 2. Nc3 Bb4 3. e4 Bxc3 (3... Nf6 4. Bd3 O-O 5. Nge2 Bc5 6. O-O a6 7. Bc2 Nc6 8. h3 b5 9. d3 bxc4 10. dxc4 h6 11. Rb1 Rb8 {1-0 (31) Jobava,B (2699)-Zvjaginsev,V (2658) Sochi 2015}) 4. bxc3 Ne7 5. d4 d6 6. Nf3 {A21: English Opening: 1...e5 2 Nc3} Nbc6 7. Ba3 $146 ({Predecessor:} 7. dxe5 dxe5 8. Qxd8+ Kxd8 9. Ba3 f6 10. Be2 Be6 11. O-O {½-½ (36) Erneker,J (2198)-Stross,F (2256) Prague 2006}) 7... f5 8. d5 {White is slightly better.} Nb8 9. c5 {Black must now prevent Qa4+.} fxe4 10. Ng5 O-O 11. cxd6 cxd6 12. Nxe4 Rf4 (12... Nf5 $1 $14) 13. Nxd6 $16 Qa5 (13... Nf5 $16) 14. Qb3 $36 {[%mdl 2048] Strongly threatening Nc4. White is really pushing.} Na6 $2 (14... Nf5) 15. Nc4 $18 {[%mdl 64] [#] Discovered Attack} Qxd5 $2 (15... Re4+ 16. Be2 Qd8) 16. Rd1 {White is clearly winning.} Re4+ 17. Be2 Rxe2+ 18. Kxe2 Bg4+ 19. f3 Qe6 20. Ne3 {Accuracy: White = 78%, Black = 20%.} 1-0

[Event "43. Zurich Weihnachtsopen 2019"]
[Site "Zurich/SUI"]
[Date "2019.12.28"]
[Round "4.2"]
[White "Grover, Sahaj"]
[Black "Martirosyan, Haik M."]
[Result "1/2-1/2"]
[WhiteElo "2508"]
[BlackElo "2613"]
[Annotator "ChessBase"]
[PlyCount "25"]
[EventDate "2019.12.26"]
[EventType "swiss"]
[SourceTitle "playchess.com"]
[Source "ChessBase"]
[SourceQuality "1"]
[TimeControl "40/5400+30:1800+30"]

1. e4 {[%emt 0:01:52]} e5 {[%emt 0:00:00]} 2. Nf3 {[%emt 0:00:08]} Nc6 {[%emt 0:00:00]} 3. Bb5 {[%emt 0:00:15]} Nf6 {[%emt 0:00:14]} 4. d3 {[%emt 0:00:30]} Bc5 {[%emt 0:00:39]} 5. c3 {[%emt 0:01:03]} O-O {[%emt 0:00:23]} 6. O-O {[%emt 0:00:30]} Re8 {[%emt 0:01:29]} 7. d4 {[%emt 0:13:24]} Bb6 {[%emt 0:01:21]} 8. Bg5 {[%emt 0:02:00]} h6 {[%emt 0:06:02]} 9. Bxf6 {[%emt 0:02:51]} Qxf6 {[%emt 0:00:16]} 10. Bxc6 {[%emt 0:00:14]} Qxc6 {[%emt 0:05:57]} 11. Nxe5 {[%emt 0:00:26]} Qxe4 {[%emt 0:00:51]} 12. Nd2 {[%emt 0:09:49]} Qf5 {[%emt 0:03:42]} 13. Ndc4 {[%emt 0:01:37]} 1/2-1/2

[Event "43. Zurich Weihnachtsopen 2019"]
[Site "Zurich/SUI"]
[Date "2019.12.28"]
[Round "4.3"]
[White "Svane, Rasmus"]
[Black "Kunin, Vitaly"]
[Result "0-1"]
[WhiteElo "2597"]
[BlackElo "2538"]
[Annotator "TA"]
[PlyCount "80"]
[EventDate "2019.12.26"]
[EventType "swiss"]
[SourceTitle "playchess.com"]
[Source "ChessBase"]
[SourceQuality "1"]

{[%evp 16,80,29,47,44,26,47,13,33,34,76,81,85,75,82,75,70,38,70,68,62,70,87,54,47,49,33,0,8,-97,-93,-86,-71,-184,-97,-146,-155,-180,-182,-160,-163,-176,-154,-155,-156,-164,-142,-811,-789,-1008,-1040,-1118,-1081,-1034,-999,-1329,-1150,-2242,-2117,-2121,-2001,-1958,-1902,-4910,-4133,-1795,-1794]} 1. e4 e5 2. Nf3 Nf6 3. d4 exd4 4. e5 Ne4 5. Qxd4 d5 6. exd6 Nxd6 7. Nc3 Nc6 8. Qf4 g6 9. Be3 Bg7 {C43: Petroff Defence: 3 d4} 10. O-O-O O-O 11. Bc5 (11. h4 h5 12. Bc5 Be6 13. Bb5 Qf6 14. Qxf6 Bxf6 15. Bxd6 cxd6 16. Ne4 Be7 17. Nxd6 {0-1 (55) Jones,G (2665)-Bu,X (2693) Helsingor 2014}) 11... Be6 {The position is equal.} 12. h4 h6 13. Bb5 Qf6 14. Bxd6 $146 ({Predecessor:} 14. Qxf6 Bxf6 15. Bxc6 Bxc3 16. Bd5 Bxd5 17. Rxd5 {1-0 (50) Nogga,U (2432)-Groebner,K (2234) ICCF corr 2010}) 14... cxd6 15. Qxf6 Bxf6 16. Ne4 Bg7 17. Rxd6 Rfc8 18. a3 Na5 19. Kb1 Nc4 20. Bxc4 Rxc4 21. Re1 Bf5 $1 {[%cal Rf5e4]} 22. Nf6+ (22. Nfd2 $11 Rc7 23. c3) 22... Bxf6 $1 $17 23. Rxf6 {[#]} Rac8 $1 $36 {[%mdl 2048] Keeping White busy.} ({Of course not} 23... Bxc2+ 24. Ka2 $11) 24. Re2 (24. Ka2 $17) 24... Kg7 ({Don't do} 24... Rxc2 25. Rxc2 Bxc2+ 26. Ka2 $17) ({Black should play} 24... Bxc2+ $19 25. Ka2 Be4) 25. Rxf5 gxf5 {[%mdl 4096] Endgame KRR-KRN} 26. c3 Re4 27. Rd2 Rce8 28. Nd4 Kf6 29. g3 f4 30. Kc2 h5 31. f3 $2 {[%mdl 8192] [#]} (31. a4 $17) 31... Rxd4 $1 $19 {[%mdl 512] Black is clearly winning.} 32. cxd4 fxg3 {KR-KR} 33. Rg2 {[#]} Rg8 $1 34. Kd3 Kf5 35. Ke3 Re8+ 36. Kd2 Kf4 37. Rg1 Kxf3 38. Rf1+ Kg4 39. Rxf7 g2 40. Rg7+ Kh3 {Accuracy: White = 39%, Black = 68%.} 0-1

[Event "43. Zurich Weihnachtsopen 2019"]
[Site "Zurich/SUI"]
[Date "2019.12.28"]
[Round "4.4"]
[White "Henderson de La Fuente, Lance"]
[Black "Pikula, Dejan"]
[Result "1/2-1/2"]
[WhiteElo "2492"]
[BlackElo "2444"]
[Annotator "TA"]
[PlyCount "89"]
[EventDate "2019.12.26"]
[EventType "swiss"]
[SourceTitle "playchess.com"]
[Source "ChessBase"]
[SourceQuality "1"]

{[%evp 17,89,49,52,35,32,12,8,-11,-1,1,39,35,55,27,46,64,83,95,88,79,81,94,90,87,84,82,63,68,72,65,104,89,73,9,18,0,0,-22,-20,-32,-29,-37,0,0,0,0,0,0,0,0,0,0,0,0,0,0,0,0,0,0,0,0,0,0,0,0,0,0,0,0,0,0,0,0]} 1. d4 Nf6 2. c4 e6 3. Nf3 c5 4. d5 exd5 5. cxd5 d6 6. Nc3 g6 7. Bf4 Bg7 8. Qa4+ Bd7 9. Qb3 Qc7 10. h3 {A61: Modern Benoni: Nf3 without early e4} O-O 11. e3 Na6 12. Bxa6 $146 ({Predecessor:} 12. Bb5 Nb4 13. O-O a6 14. Be2 Bf5 15. Rfc1 Nd3 16. Bxd3 Bxd3 17. a4 b6 {0-1 (44) Duzhakov,I (2411)-Fier,A (2614) St Petersburg 2016}) 12... bxa6 13. O-O Rab8 14. Qc2 Rb4 15. Rac1 Qb6 16. b3 c4 {[#]} 17. Nd2 $1 {[%cal Rd2c4]} cxb3 18. axb3 a5 19. Nc4 {[%mdl 64] Double Attack} Qa6 20. Bxd6 Rxc4 21. Bxf8 Rxc3 22. Qxc3 Bxf8 23. Rfd1 Qb6 24. Qd4 {Black must now prevent d6.} Bd6 25. f4 (25. Qxf6 $2 Bh2+ 26. Kxh2 Qxf6 $19) (25. e4 $16) 25... Ne8 $1 $11 26. Kh2 f5 27. Qc3 Kf7 28. Ra1 Nf6 29. Rd4 ({But not} 29. Rxa5 $2 Bb4 $19) 29... Ne4 (29... Bc5 {is interesting.} 30. Rc4 Bb4 31. Qe5 Bd6 32. Qd4 g5) 30. Qxa5 {The position is equal.} Bxf4+ 31. exf4 Qxd4 32. Qxa7 Qxd5 33. Qc7 Qd6 (33... Ke7 {keeps more tension.} 34. b4 Qd6 35. Ra7 Qxc7 36. Rxc7 Kd6) 34. Qxd6 Nxd6 35. Ra7 Ke6 36. b4 h6 37. g4 Bc6 38. Rg7 Kf6 39. Ra7 {[#] Threatens to win with Ra6.} Bb5 40. Kg3 Bf1 41. Ra1 Ne4+ 42. Kh2 Be2 43. Ra2 Bc4 44. Ra7 Be2 45. Ra2 {Accuracy: White = 72%, Black = 74%.} 1/2-1/2

[Event "43. Zurich Weihnachtsopen 2019"]
[Site "Zurich/SUI"]
[Date "2019.12.28"]
[Round "4.5"]
[White "Fecker, Noah"]
[Black "Maki-Uuro, Miikka"]
[Result "1/2-1/2"]
[WhiteElo "2277"]
[BlackElo "2331"]
[Annotator "NA"]
[PlyCount "50"]
[EventDate "2019.12.26"]
[EventType "swiss"]
[SourceTitle "playchess.com"]
[Source "ChessBase"]
[SourceQuality "1"]
[TimeControl "40/5400+30:1800+30"]

1. e4 {[%emt 0:00:00]} c5 {[%emt 0:00:00]} 2. Nf3 {[%emt 0:00:00]} g6 {[%emt 0:00:00]} 3. d4 {[%emt 0:00:17]} cxd4 {[%emt 0:00:00]} 4. Nxd4 {[%emt 0:00:04]} Nc6 {[%emt 0:00:14]} 5. c4 {[%emt 0:01:04]} Nf6 {[%emt 0:00:25]} 6. Nc3 {[%emt 0:00:32]} Nxd4 {[%emt 0:00:20]} 7. Qxd4 {[%emt 0:00:08]} d6 {[%emt 0:00:14]} 8. Bg5 {[%emt 0:07:24]} Bg7 {[%emt 0:00:40]} 9. f3 {[%emt 0:05:03]} O-O {[%emt 0:02:20]} 10. Qd2 {[%emt 0:01:44]} a5 {[%emt 0:03:31]} 11. Rc1 {[%emt 0:10:25]} a4 {[%emt 0:02:21]} 12. Be2 {[%emt 0:02:09]} Qa5 {[%emt 0:10:53]} 13. Kf2 {[%emt 0:08:24]} Bd7 {[%emt 0:35:21]} 14. Rhd1 {[%emt 0:21:32]} Rfc8 {[%emt 0:01:13]} 15. Bxf6 {[%emt 0:05:53]} Bxf6 {[%emt 0:02:29]} 16. Nd5 {[%emt 0:00:08]} Qxd2 {[%emt 0:02:02]} 17. Rxd2 {[%emt 0:11:43]} Kg7 {[%emt 0:01:18]} 18. Nb6 {[%emt 0:02:23]} Bg5 {[%emt 0:00:24]} 19. Ke1 {[%emt 0:00:45]} Bc6 {[%emt 0:07:45]} 20. Rcc2 {[%emt 0:02:10]} Bxd2+ {[%emt 0:00:19]} 21. Kxd2 {[%emt 0:00:02]} Rd8 {[%emt 0:01:01]} 22. Nxa8 {[%emt 0:00:07]} Rxa8 {[%emt 0:00:05]} 23. a3 {[%emt 0:03:35]} f5 {[%emt 0:01:31]} 24. Ke3 {[%emt 0:02:03]} fxe4 {[%emt 0:01:01]} 25. fxe4 {[%emt 0:00:08]} Ra5 {[%emt 0:07:58]} 1/2-1/2

[Event "43. Zurich Weihnachtsopen 2019"]
[Site "Zurich/SUI"]
[Date "2019.12.28"]
[Round "4.6"]
[White "Unuk, Laura"]
[Black "Wagner, Leopold Franziskus"]
[Result "1-0"]
[WhiteElo "2305"]
[BlackElo "2150"]
[Annotator "NA"]
[PlyCount "39"]
[EventDate "2019.12.26"]
[EventType "swiss"]
[SourceTitle "playchess.com"]
[Source "ChessBase"]
[SourceQuality "1"]
[TimeControl "40/5400+30:1800+30"]

1. Nf3 {[%emt 0:00:00]} d5 {[%emt 0:00:00]} 2. d4 {[%emt 0:01:01]} Nf6 {[%emt 0:00:00]} 3. Bf4 {[%emt 0:03:32]} Bf5 {[%emt 0:00:00]} 4. c3 {[%emt 0:01:21]} e6 {[%emt 0:00:42]} 5. Nbd2 {[%emt 0:00:15]} Bd6 {[%emt 0:00:59]} 6. e3 {[%emt 0:02:41]} Nbd7 {[%emt 0:02:08]} 7. Be2 {[%emt 0:02:49]} O-O {[%emt 0:04:42]} 8. Ne5 {[%emt 0:01:24]} Bxe5 {[%emt 0:07:29]} 9. dxe5 {[%emt 0:03:18]} Ne4 {[%emt 0:02:44]} 10. g4 {[%emt 0:07:07]} Bg6 {[%emt 0:00:18]} 11. h4 {[%emt 0:00:21]} Nxd2 {[%emt 0:03:09]} 12. Qxd2 {[%emt 0:00:31]} f6 {[%emt 0:01:56]} 13. exf6 {[%emt 0:06:05]} Nxf6 {[%emt 0:12:13]} 14. h5 {[%emt 0:03:26]} Ne4 {[%emt 0:02:02]} 15. Qd4 {[%emt 0:01:25]} Be8 {[%emt 0:04:03]} 16. f3 {[%emt 0:09:11]} Nd6 {[%emt 0:02:24]} 17. h6 {[%emt 0:01:02]} Qe7 {[%emt 0:05:43]} 18. hxg7 {[%emt 0:01:59]} Qxg7 {[%emt 0:00:39]} 19. Qxg7+ {[%emt 0:01:55]} Kxg7 {[%emt 0:00:07]} 20. Bh6+ {[%emt 0:00:05]} 1-0

[Event "43. Zurich Weihnachtsopen 2019"]
[Site "Zurich/SUI"]
[Date "2019.12.28"]
[Round "4.8"]
[White "Janoszka, Arnd"]
[Black "Spiric, Igor"]
[Result "1-0"]
[WhiteElo "2353"]
[BlackElo "2239"]
[Annotator "NA"]
[PlyCount "61"]
[EventDate "2019.12.26"]
[EventType "swiss"]
[SourceTitle "playchess.com"]
[Source "ChessBase"]
[SourceQuality "1"]
[TimeControl "40/5400+30:1800+30"]

1. c4 {[%emt 0:01:53]} b6 {[%emt 0:00:00]} 2. Nc3 {[%emt 0:01:04]} e6 {[%emt 0:03:17]} 3. g3 {[%emt 0:03:20]} Bb7 {[%emt 0:00:09]} 4. e4 {[%emt 0:00:30]} f5 {[%emt 0:05:29]} 5. Bg2 {[%emt 0:03:09]} Nf6 {[%emt 0:00:35]} 6. d3 {[%emt 0:12:45]} Bb4 {[%emt 0:02:46]} 7. Nge2 {[%emt 0:00:45]} fxe4 {[%emt 0:03:11]} 8. O-O {[%emt 0:00:40]} O-O {[%emt 0:00:47]} 9. dxe4 {[%emt 0:01:28]} e5 {[%emt 0:05:57]} 10. a3 {[%emt 0:04:35]} Be7 {[%emt 0:02:37]} 11. Nd5 {[%emt 0:07:44]} Nxd5 {[%emt 0:06:32]} 12. exd5 {[%emt 0:01:52]} d6 {[%emt 0:16:29]} 13. f4 {[%emt 0:10:03]} Nd7 {[%emt 0:00:54]} 14. Bh3 {[%emt 0:06:34]} a5 {[%emt 0:02:17]} 15. Be3 {[%emt 0:04:29]} Nf6 {[%emt 0:09:43]} 16. Be6+ {[%emt 0:07:20]} Kh8 {[%emt 0:00:07]} 17. Qd3 {[%emt 0:01:06]} Bc8 {[%emt 0:07:30]} 18. f5 {[%emt 0:05:56]} Qe8 {[%emt 0:02:00]} 19. h3 {[%emt 0:03:07]} Qh5 {[%emt 0:07:33]} 20. Kg2 {[%emt 0:00:38]} Ba6 {[%emt 0:02:50]} 21. Nc3 {[%emt 0:05:41]} e4 {[%emt 0:09:08]} 22. Qd4 {[%emt 0:02:59]} c5 {[%emt 0:07:00]} 23. dxc6 {[%emt 0:00:16]} d5 {[%emt 0:00:07]} 24. cxd5 {[%emt 0:02:50]} Bd3 {[%emt 0:01:54]} 25. d6 {[%emt 0:00:56]} Rfd8 {[%emt 0:00:17]} 26. Bf4 {[%emt 0:00:42]} Bxd6 {[%emt 0:00:47]} 27. Bxd6 {[%emt 0:00:15]} Ne8 {[%emt 0:00:14]} 28. Bd7 {[%emt 0:00:28]} Bxf1+ {[%emt 0:01:27]} 29. Rxf1 {[%emt 0:00:07]} Nxd6 {[%emt 0:00:23]} 30. Qxd6 {[%emt 0:00:18]} Qf7 {[%emt 0:00:40]} 31. Qe6 {[%emt 0:00:27]} 1-0